| 000 | 00876nam a2200241 a 4500 | ||
|---|---|---|---|
| 005 | 20090518152430.0 | ||
| 008 | 931110s1994 fluaf b 001 0 eng | ||
| 010 | _aENG-93580 | ||
| 020 | _c200.00 | ||
| 035 | _aEN-77113 | ||
| 037 | _bDBAD / PUB | ||
| 040 |
_adpl _bEnglish |
||
| 082 | _aS | ||
| 245 |
_aMy own true ghost story / _cedited & compiled by Shashi Mehta |
||
| 260 |
_aDelhi _bSanmarg Sahitya Parishad _c2008 |
||
| 270 |
_aHouse No. 29/32B, First Floor, Gali No. 12, Vishwas Nagar, Shahdra, _bDelhi _e110032 |
||
| 300 |
_a160p. _c22m(Hb) |
||
| 650 | _aShort stories, English | ||
| 700 | _aMehta, Shashi | ||
| 942 |
_2ddc _cEN _mMYO _hS |
||
| 999 |
_c26541 _d26541 |
||